<?xml version="1.0" encoding="UTF-8"?>
<collection xmlns="http://www.loc.gov/MARC21/slim">
 <record>
  <leader>00524pamaa2200181   4500</leader>
  <controlfield tag="001">0000039558</controlfield>
  <controlfield tag="005">20130117090000.0</controlfield>
  <datafield tag="020" ind1="0" ind2="0">
   <subfield code="a">1861528728 (pbk) </subfield>
  </datafield>
  <datafield tag="082" ind1=" " ind2=" ">
   <subfield code="a">657 GOW</subfield>
  </datafield>
  <datafield tag="090" ind1="0" ind2="0">
   <subfield code="a">HF5694 </subfield>
   <subfield code="b">GOW 2003</subfield>
  </datafield>
  <datafield tag="100" ind1="1" ind2="0">
   <subfield code="a">GOWTHORPE </subfield>
  </datafield>
  <datafield tag="245" ind1="1" ind2="0">
   <subfield code="a">Business Accounting and Finance : </subfield>
   <subfield code="b">for non-specialists  </subfield>
   <subfield code="c">Catherine Gowthorpe.</subfield>
  </datafield>
  <datafield tag="260" ind1="0" ind2="0">
   <subfield code="a">London: </subfield>
   <subfield code="b">Thomson, </subfield>
   <subfield code="c">2003.</subfield>
  </datafield>
  <datafield tag="300" ind1=" " ind2=" ">
   <subfield code="a">xvi, 640p.; </subfield>
   <subfield code="c">27 cm.</subfield>
  </datafield>
  <datafield tag="501" ind1="0" ind2="0">
   <subfield code="a">BITCUN</subfield>
  </datafield>
  <datafield tag="650" ind1="0" ind2="0">
   <subfield code="a">Accounting </subfield>
  </datafield>
  <datafield tag="650" ind1="0" ind2="0">
   <subfield code="a">Business enterprises -- </subfield>
   <subfield code="x">Finance </subfield>
  </datafield>
  <datafield tag="901" ind1=" " ind2=" ">
   <subfield code="u">http://www.thmosonlearning.co.uk</subfield>
  </datafield>
 </record>
</collection>
